| 000 | 00920cai a22002055a 4500 | ||
|---|---|---|---|
| 001 | L153333 | ||
| 008 | 110117u2007 xxk g 000 0 eng d | ||
| 035 | _a(Sirsi) u153333 | ||
| 041 | 0 | _aeng | |
| 110 | 2 |
_aInstitution of Civil Engineers _91402 |
|
| 245 | 0 | 4 |
_aEurocodes expert _bmaking Eurocodes easier _h[electronic resource] |
| 520 | _aAn initiative to help design engineers as well as clients, manufacturers, building control officers and academics, trainers and students understand and use the new European structural design codes. Latest news, events and courses, latest publications. | ||
| 590 | _aKA NTK | ||
| 651 | 4 | _aEurope | |
| 690 | _aBUILT ENVIRONMENT-BUILDING STANDARDS | ||
| 690 |
_aBuilding regulations _96224 |
||
| 710 | 2 |
_aThe Institution of Structural Engineers _92568 |
|
| 856 | 4 | 0 |
_uhttps://www.eurocodes.co.uk/Default.aspx _zView the website free of charge at www.eurocodes.co.uk |
| 942 | _n0 | ||
| 999 |
_c120919 _d120919 |
||